000 00537nam a22001817a 4500
999 _c16599
_d16599
003 AR-CdUCM
008 190329b ||||| |||| 00| 0 spa d
040 _aMUNICIPALIDAD PROVINCIAL DEL CUSCO
_cBIBLIOTECA MUNICIPAL DEL CUSCO
082 _a869.231 /
_bH43
100 _aHernandez, Jose
_92578
245 _aMartin Fierro /
260 _aBuenos Aires ,
_bAtlanta,
_c1937.
300 _a264 páginas ;
_c19 cm.
440 _aBiblioteca Argentina
_936131
650 _aLiteratura.
_983
942 _2ddc
_cLIBROS
945 _arum
_d2019-05-03